000 00375nam a2200145Ia 4500
008 231129s1998||||xx |||||||||||||| ||spa||
020 _a958-30-0512-6
040 _bspa
082 _a986.103 I12c
100 _aIbáñez Jose Roberto
245 0 _aLa campana de Boyaca
260 _c1998
264 _aPanamericana
942 _2ddc
_cBKS
999 _c16541
_d16541